En el comienzo de un largo camino (Registro nro. 18174)
[ vista simple ]
| 000 -LEADER | |
|---|---|
| fixed length control field | 00366 a2200121 4500 |
| 001 - CONTROL NUMBER | |
| control field | ART_12986 |
| 005 - DATE AND TIME OF LATEST TRANSACTION | |
| control field | 20260410161734.0 |
| 008 - FIXED-LENGTH DATA ELEMENTS--GENERAL INFORMATION | |
| fixed length control field | 260409a |
| 100 1# - MAIN ENTRY--PERSONAL NAME | |
| Personal name | Krieger Vasena, Adalbert |
| 245 10 - TITLE STATEMENT | |
| Title | En el comienzo de un largo camino |
| 700 1# - ADDED ENTRY--PERSONAL NAME | |
| Personal name | Pérez Llanta, Carlos |
| 773 0# - HOST ITEM ENTRY | |
| Title | Ejecutivos de finanzas |
| Related parts | - Año 8, Nº 74 (abr. 1991) |
| Record control number | REV2863 |
No hay ítems disponibles.